000 00573nam a22002057a 4500
007 00
008 170228b xxu||||| |||| 00| 0 eng d
020 _a2-85394-931-1
040 _aBUAC
_cBUC
041 _aFre.
100 _aSOUIL , François
245 _a25 thèmes de travaux pratiques de chimie
_c/ par François Souil , Catherine Brune
250 _aNouv. éd.
_brev. et corrigée
260 _aRosny :
_bBréal ,
_c1996.
300 _a222 p.
_c24 cm.
630 _aSCIENCES PURES
650 _aCHIMIE
700 _aBRUNE , Catherine
942 _cLBA
999 _c56022
_d56022